01562cam a2200361 a 4500001001400000003000800014005001700022006001900039007001500058008004100073020003800114040003000152049002600182050001100208082001600219245008300235260005200318300005100370500003400421520031900455521001700774588004700791504005100838650003300889650004800922655002900970700002800999710001601027776003501043856008701078942001601165999001901181EDZ0000018998StDuBDS20161031105122.0m||||||||d||||||||cr |||||||||||110107s2004 caua fo 001|0|eng d a9781412952569 (ebook) :cNo price aStDuBDSbengcStDuBDSepn aAlfaisal Main Library 4aHV449304a362.50322200aEncyclopedia of homelessnessh[electronic resource] /ceditor, David Levinson. aThousand Oaks, Calif. ;aLondon :bSAGE,c2004. a1 online resource (2 v. (xxx, 886 p.)) :bill. a"A Berkshire Reference work."8 aThe 'Encyclopedia of Homelessness' is the first systematic effort to organize and summarize what we know about this complex topic which impacts not only on the homeless but all of society. The title focuses on the current situation in the United States with a comparative sampling of homelessness around the world. aSpecialized. aDescription based on print version record. aIncludes bibliographical references and index. 0aHomelessnessvEncyclopedias. 0aHomelessnesszUnited StatesvEncyclopedias. 7aElectronic books.2local1 aLevinson, David,d1947-2 aSage eBooks08iPrint version :z978076192751840uhttp://ezproxy.alfaisal.edu/login?url=http://sk.sagepub.com/reference/homelessness 2lcccEBOOKS c479694d479694